Words that Contain "anz" - Statistics

General Stats
  • This quiz has been taken 46 times
  • The average score is 2 of 8
Answer Stats
Answer % Correct
Panzer
71%
Stanza
41%
Bonanza
27%
Extravaganza
15%
Banzai
12%
Organza
12%
Chimpanzee
7%
Garbanzo
2%
No matching quizzes found
Score Distribution
Percent of People with Each Score
Percentile by Number Answered
Your Score History
You have not taken this quiz